00344cam a2200145ua 4500020000900000041001000009082001600019100002200035245006000057250001200117260004300129300001200172365000900184504000500193 c8.00 aengh a420bBRA/MA aBradley, Henry . aMaking of English / cHenry Bradley.hTextual Documents a1 / b. aLondon : bMcMillon & Co Ltd , c1964. a245 ; . a8.00 a